| 000 | 00664nam a2200181 i 4500 | ||
|---|---|---|---|
| 001 | 180925 | ||
| 003 | ES-MaACL | ||
| 005 | 20230906221223.0 | ||
| 008 | 120829s1984 sp |||| | spa d | ||
| 080 | _a929 Ausejo, Serafín de | ||
| 100 | 0 |
_aCalderón Quijano, José Antonio. _933626 |
|
| 245 | 1 | 0 |
_aFray Serafín de Ausejo _b: vida y obra de un biblista / _cJosé Antonio Calderón Quijano. |
| 260 |
_a[S.l. ] : _bEstudios Franciscanos, _c1984. |
||
| 300 |
_aP. 253-267 ; _c24 cm. |
||
| 595 | _aSeparata de: Estudios Franciscanos, nº 85 (1984) | ||
| 600 | 0 | 4 |
_aAusejo, Serafín de. _923945 |
| 852 |
_aES-MaACL _j2318-F-8 _z.- Dedicatoria manuscrita del autor |
||
| 999 |
_c180925 _d180925 |
||